Γαλλικά σχολεία στην Ελλάδα : απόπειρα πρώτης καταγραφής
Αποθηκεύτηκε σε:
| Κύριος συγγραφέας: | |
|---|---|
| Μορφή: | Βιβλίο |
| Γλώσσα: | Greek |
| Δημοσίευση: |
Αθήνα :
[χ.ό.],
2009.
|
| Θέματα: | |
| Ετικέτες: |
Προσθήκη ετικέτας
Δεν υπάρχουν, Καταχωρήστε ετικέτα πρώτοι!
|
MARC
| LEADER | 00000cam a2200000 i 4500 | ||
|---|---|---|---|
| 001 | 1/51073 | ||
| 008 | 140707s2009 gr | ||| |||| ||gre|| | ||
| 020 | |a 9789609090520 | ||
| 035 | |l 10118269 | ||
| 040 | |a GR-MyUa |b gre |e AACR2 | ||
| 041 | 0 | |a gre | |
| 082 | 7 | |a 371.009495 |2 (23) | |
| 100 | 1 | |a Αντωνίου, Δαυίδ. | |
| 245 | 1 | 0 | |a Γαλλικά σχολεία στην Ελλάδα : |b απόπειρα πρώτης καταγραφής / |c Δαυίδ Αντωνίου. |
| 260 | |a Αθήνα : |b [χ.ό.], |c 2009. | ||
| 300 | |a 180 σ. : |b εικ. ; |c 24 εκ. | ||
| 500 | |a Άνω του τίτλου: Διεθνές Κέντρο Έρευνας Αίσωπος-La Fontaine. | ||
| 504 | |a Βιβλιογραφία: σ. [159]-164. Ευρετήριο. | ||
| 650 | 0 | |a Schools, French |z Greece. | |
| 650 | 0 | |a Education |z Greece |x History. | |
| 767 | 0 | 8 | |i Μεταφρασμένο ως: |t Ecoles francaises en Grece : |
| 852 | |a INST |b SYROS |e 20140707 |h 371.009495 ΑΝΤ |p 005500011538 |q 005500011538 |t BK |y 0 | ||
| 901 | |a BIBL5-2014-1 | ||
| 970 | |a Κοντού |b Παρασκευή |z 07/07/2014 | ||